Statistics for Most Common Elements on Earth

Click here to take the quiz!

General Stats

  • This quiz has been taken 483 times
  • The average score is 13 of 20

Answer Stats

Atoms ppbElement% Correct
482,000,000Oxygen
98%
6,700,000Hydrogen
96%
1,600,000Carbon
95%
46,000Nitrogen
93%
148,000,000Iron
87%
2,000,000Sodium
73%
164,000,000Magnesium
72%
110,000Potassium
71%
56,000Chlorine
67%
11,100,000Calcium
66%
150,000,000Silicon
64%
5,150,000Sulfur
63%
15,300,000Aluminum
59%
8,010,000Nickel
52%
1,020,000Phosphorus
52%
800,000Manganese
45%
390,000Cobalt
40%
440,000Titanium
36%
2,300,000Chromium
29%
53,600Vanadium
23%

Score Distribution

Percentile by Number Answered

Percent of People with Each Score

Your Score History

You have not taken this quiz